[Event "AUT-ch Internet"]
[Site "Wilhelm-Steinitz-Stadion"]
[Date "2020.10.04"]
[Round "4"]
[White "Sackbauer"]
[Black "Tannika"]
[Result "1-0"]
[WhiteElo "2498"]
[BlackElo "2122"]
[PlyCount "71"]
[EventDate "2020.10.04"]
[EventType "blitz"]
[TimeControl "180+2"]

1. e4 {[%emt 0:00:02]} e5 {[%emt 0:00:02]} 2. Nf3 {[%emt 0:00:02]} Nc6 {[%emt 0:00:01]} 3. Bc4 {[%emt 0:00:00]} Bc5 {[%emt 0:00:02]} 4. d3 {[%emt 0:00:04]} Nf6 {[%emt 0:00:05]} 5. O-O {[%emt 0:00:04]} a6 {[%emt 0:00:02]} 6. c3 {[%emt 0:00:06]} d6 {[%emt 0:00:12]} 7. a4 {[%emt 0:00:03]} Ba7 {[%emt 0:00:10]} 8. Re1 {[%emt 0:00:03]} Ne7 {[%emt 0:00:09]} 9. d4 {[%emt 0:00:08]} Ng6 {[%emt 0:00:09]} 10. Bd3 {[%emt 0:00:13]} O-O {[%emt 0:00:06]} 11. Be3 {[%emt 0:00:05]} Bg4 {[%emt 0:00:07]} 12. h3 {[%emt 0:00:03]} Be6 {[%emt 0:00:12]} 13. Nbd2 {[%emt 0:00:18] Sackbauer reconnected.} Re8 {[%emt 0:00:24]} 14. Nf1 {[%emt 0:00:03]} c6 {[%emt 0:00:35]} 15. Ng3 {[%emt 0:00:02]} h6 {[%emt 0:00:25]} 16. Qd2 {[%emt 0:00:07]} Kh7 {[%emt 0:00:18]} 17. a5 {[%emt 0:00:11]} Qd7 {[%emt 0:00:09]} 18. b4 {[%emt 0:00:10]} Bxh3 {[%emt 0:00:03]} 19. gxh3 {[%emt 0:00:04]} Qxh3 {[%emt 0:00:00]} 20. Bf1 {[%emt 0:00:21]} Qg4 {[%emt 0:00:03]} 21. Nh2 {[%emt 0:00:07]} Qe6 {[%emt 0:00:04]} 22. Rad1 {[%emt 0:00:22]} exd4 {[%emt 0:00:03] ' Sackbauer reconnected.} 23. Bxd4 {[%emt 0:00:03] White restart ok. Black restart ok. Zeit ' White restart ok. Black restart ok.} c5 {[%emt 0:00:03]} 24. Bxf6 {[%emt 0:00:09]} Qxf6 {[%emt 0:00:02]} 25. Qxd6 {[%emt 0:00:15]} Qxc3 {[%emt 0:00:04]} 26. Qd3 {[%emt 0:00:10]} Qxb4 {[%emt 0:00:04]} 27. Qc4 {[%emt 0:00:07]} Qxa5 {[%emt 0:00:04]} 28. Nf3 {[%emt 0:00:10]} f6 {[%emt 0:00:07]} 29. Bh3 {[%emt 0:00:07]} Qa3 {[%emt 0:00:04]} 30. Re3 {[%emt 0:00:05]} Qb2 {[%emt 0:00:03]} 31. Bf5 {[%emt 0:00:03]} b5 {[%emt 0:00:02]} 32. Qf7 {[%emt 0:00:02]} c4 {[%emt 0:00:02]} 33. Qxg6+ {[%emt 0:00:02]} Kg8 {[%emt 0:00:01]} 34. Rd7 {[%emt 0:00:04]} Qb1+ {[%emt 0:00:06]} 35. Kg2 {[%emt 0:00:01]} Bxe3 {[%emt 0:00:04]} 36. Qxg7# {[%emt 0:00:01] (Lag: Av=0.88s, max=1.3s)} 1-0

[Event "AUT-ch Internet"]
[Site "Wilhelm-Steinitz-Stadion"]
[Date "2020.10.04"]
[Round "4"]
[White "Stefan Kindermann"]
[Black "Shengel"]
[Result "1-0"]
[WhiteElo "2355"]
[BlackElo "2412"]
[PlyCount "103"]
[EventDate "2020.10.04"]
[EventType "blitz"]

1. d4 {[%emt 0:00:02]} Nf6 {[%emt 0:00:52]} 2. Nf3 {[%emt 0:00:01]} b6 {[%emt 0:00:03]} 3. g3 {[%emt 0:00:02]} Bb7 {[%emt 0:00:02]} 4. Bg2 {[%emt 0:00:01]} g6 {[%emt 0:00:01]} 5. O-O {[%emt 0:00:01]} Bg7 {[%emt 0:00:00]} 6. c4 {[%emt 0:00:01]} O-O {[%emt 0:00:01]} 7. Nc3 {[%emt 0:00:04]} Ne4 {[%emt 0:00:02]} 8. Nxe4 {[%emt 0:00:03]} Bxe4 {[%emt 0:00:04]} 9. Be3 {[%emt 0:00:02]} d5 {[%emt 0:00:02]} 10. Qc1 {[%emt 0:00:38]} Nc6 {[%emt 0:00:04]} 11. Rd1 {[%emt 0:00:06]} Qd7 {[%emt 0:00:02]} 12. Bh6 {[%emt 0:00:30]} Rfd8 {[%emt 0:00:23]} 13. Bxg7 {[%emt 0:00:02]} Kxg7 {[%emt 0:00:02]} 14. Qf4 {[%emt 0:00:14]} f6 {[%emt 0:00:16]} 15. Rac1 {[%emt 0:00:04]} Rac8 {[%emt 0:00:15]} 16. Qe3 {[%emt 0:00:14]} e6 {[%emt 0:00:30]} 17. Bh3 {[%emt 0:00:14]} Re8 {[%emt 0:00:33]} 18. Nd2 {[%emt 0:00:03]} Bf5 {[%emt 0:00:02]} 19. g4 {[%emt 0:00:01]} dxc4 {[%emt 0:00:15]} 20. Nxc4 {[%emt 0:00:10]} Nb4 {[%emt 0:00:02]} 21. gxf5 {[%emt 0:00:03]} exf5 {[%emt 0:00:01]} 22. Qb3 {[%emt 0:00:16]} Nd5 {[%emt 0:00:02]} 23. e3 {[%emt 0:00:01]} Re4 {[%emt 0:00:02]} 24. Bg2 {[%emt 0:00:03]} Rg4 {[%emt 0:00:01]} 25. Kh1 {[%emt 0:00:02]} Re8 {[%emt 0:00:03]} 26. Bf3 {[%emt 0:00:04]} f4 {[%emt 0:00:02]} 27. Ne5 {[%emt 0:00:08]} fxe5 {[%emt 0:00:02]} 28. Qxd5 {[%emt 0:00:02]} Qxd5 {[%emt 0:00:01]} 29. Bxd5 {[%emt 0:00:01]} fxe3 {[%emt 0:00:01]} 30. Rxc7+ {[%emt 0:00:04]} Kh6 {[%emt 0:00:02]} 31. fxe3 {[%emt 0:00:02]} exd4 {[%emt 0:00:01]} 32. Rxd4 {[%emt 0:00:07]} Rxd4 {[%emt 0:00:05]} 33. exd4 {[%emt 0:00:01]} Re1+ {[%emt 0:00:01]} 34. Kg2 {[%emt 0:00:01]} Rd1 {[%emt 0:00:02]} 35. Rc4 {[%emt 0:00:08]} a5 {[%emt 0:00:02]} 36. Bf3 {[%emt 0:00:05]} Rd2+ {[%emt 0:00:03]} 37. Kg3 {[%emt 0:00:01]} Rxb2 {[%emt 0:00:04]} 38. a4 {[%emt 0:00:02]} Rd2 {[%emt 0:00:03]} 39. d5 {[%emt 0:00:01]} Kg5 {[%emt 0:00:02]} 40. Rc6 {[%emt 0:00:01]} h5 {[%emt 0:00:01]} 41. h4+ {[%emt 0:00:03]} Kf5 {[%emt 0:00:02]} 42. Rxb6 {[%emt 0:00:02]} g5 {[%emt 0:00:01]} 43. hxg5 {[%emt 0:00:09]} Kxg5 {[%emt 0:00:02]} 44. Bg2 {[%emt 0:00:07]} Rd3+ {[%emt 0:00:05]} 45. Kh2 {[%emt 0:00:03]} Rd4 {[%emt 0:00:01]} 46. d6 {[%emt 0:00:03]} Rxa4 {[%emt 0:00:01]} 47. d7 {[%emt 0:00:02]} Rd4 {[%emt 0:00:00]} 48. Bc6 {[%emt 0:00:06]} Kg4 {[%emt 0:00:04]} 49. Rb8 {[%emt 0:00:02]} Rd2+ {[%emt 0:00:01]} 50. Kg1 {[%emt 0:00:01]} Kg3 {[%emt 0:00:00]} 51. Rg8+ {[%emt 0:00:01]} Kh3 {[%emt 0:00:03]} 52. d8=Q {[%emt 0:00:01] Shengel gibt auf (Lag: Av=0.85s, max=2.4s)} 1-0

[Event "AUT-ch Internet"]
[Site "Wilhelm-Steinitz-Stadion"]
[Date "2020.10.04"]
[Round "4"]
[White "En#passant"]
[Black "Pjotr2402"]
[Result "1-0"]
[WhiteElo "2289"]
[BlackElo "2376"]
[Annotator "NA"]
[PlyCount "89"]
[EventDate "2020.10.04"]
[EventType "blitz"]

1. Nf3 {[%emt 0:00:02]} Nf6 {[%emt 0:01:26]} 2. g3 {[%emt 0:00:03]} g6 {[%emt 0:00:03]} 3. Bg2 {[%emt 0:00:01]} Bg7 {[%emt 0:00:01]} 4. O-O {[%emt 0:00:01]} d5 {[%emt 0:00:00]} 5. c4 {[%emt 0:00:03]} dxc4 {[%emt 0:00:02]} 6. Qa4+ {[%emt 0:00:03]} Nfd7 {[%emt 0:00:02]} 7. Qxc4 {[%emt 0:00:03]} O-O {[%emt 0:00:01]} 8. d4 {[%emt 0:00:04]} Nb6 {[%emt 0:00:01]} 9. Qd3 {[%emt 0:00:03]} Nc6 {[%emt 0:00:01]} 10. Rd1 {[%emt 0:00:08]} e5 {[%emt 0:00:07]} 11. dxe5 {[%emt 0:00:27]} Qxd3 {[%emt 0:00:02]} 12. Rxd3 {[%emt 0:00:01]} Nxe5 {[%emt 0:00:15]} 13. Nxe5 {[%emt 0:00:02]} Bxe5 {[%emt 0:00:00]} 14. Nc3 {[%emt 0:00:05]} c6 {[%emt 0:00:07]} 15. Bf4 {[%emt 0:00:06]} Bg7 {[%emt 0:00:07]} 16. Rad1 {[%emt 0:00:05]} Be6 {[%emt 0:00:03]} 17. b3 {[%emt 0:00:10]} Bf5 {[%emt 0:00:04]} 18. e4 {[%emt 0:00:11]} Bg4 {[%emt 0:00:02]} 19. R1d2 {[%emt 0:00:15]} a5 {[%emt 0:00:08]} 20. h3 {[%emt 0:00:21]} Be6 {[%emt 0:00:02]} 21. Be3 {[%emt 0:00:08]} Nc8 {[%emt 0:00:08]} 22. Na4 {[%emt 0:00:02]} Ne7 {[%emt 0:00:18]} 23. Nc5 {[%emt 0:00:07]} Bc8 {[%emt 0:00:02]} 24. Rd8 {[%emt 0:00:12]} b6 {[%emt 0:00:01]} 25. Na4 {[%emt 0:00:07]} b5 {[%emt 0:00:04]} 26. Nb6 {[%emt 0:00:04]} Rb8 {[%emt 0:00:04]} 27. Rxf8+ {[%emt 0:00:04]} Bxf8 {[%emt 0:00:01]} 28. Rd8 {[%emt 0:00:02]} Kg7 {[%emt 0:00:06]} 29. Bd4+ {[%emt 0:00:20]} f6 {[%emt 0:00:04]} 30. e5 {[%emt 0:00:02]} Nf5 {[%emt 0:00:09]} 31. exf6+ {[%emt 0:00:04]} Kf7 {[%emt 0:00:02]} 32. Nxc8 {[%emt 0:00:03]} Rxc8 {[%emt 0:00:08]} 33. Rxc8 {[%emt 0:00:00]} Nxd4 {[%emt 0:00:01]} 34. Bxc6 {[%emt 0:00:03]} Bb4 {[%emt 0:00:03]} 35. Be8+ {[%emt 0:00:14]} Kxf6 {[%emt 0:00:01]} 36. Rb8 {[%emt 0:00:02]} Ne2+ {[%emt 0:00:07]} 37. Kg2 {[%emt 0:00:02]} Nc1 {[%emt 0:00:00]} 38. a4 {[%emt 0:00:06]} bxa4 {[%emt 0:00:02]} 39. bxa4 {[%emt 0:00:01]} Nb3 {[%emt 0:00:01]} 40. Bb5 {[%emt 0:00:02]} Nd4 {[%emt 0:00:01]} 41. Rb7 {[%emt 0:00:02]} h6 {[%emt 0:00:01]} 42. Bd3 {[%emt 0:00:01]} g5 {[%emt 0:00:01]} 43. Rb6+ {[%emt 0:00:01]} Kg7 {[%emt 0:00:02]} 44. Rg6+ {[%emt 0:00:01]} Kf7 {[%emt 0:00:01]} 45. Rxh6 {[%emt 0:00:01] Pjotr2402 gibt auf (Lag: Av=0.63s, max=1.6s)} 1-0

[Event "AUT-ch Internet"]
[Site "Wilhelm-Steinitz-Stadion"]
[Date "2020.10.04"]
[Round "4"]
[White "Konstantin Peyrer"]
[Black "Valentin Dragnev"]
[Result "1/2-1/2"]
[WhiteElo "2225"]
[BlackElo "2237"]
[PlyCount "119"]
[EventDate "2020.10.04"]
[EventType "blitz"]

{Peyrer, Konstantin} 1. e4 {[%emt 0:00:10]} e5 {[%emt 0:01:12]} 2. Nf3 {[%emt 0:00:02]} d6 {[%emt 0:00:02]} 3. d4 {[%emt 0:00:05]} exd4 {[%emt 0:00:00]} 4. Nxd4 {[%emt 0:00:01]} Nf6 {[%emt 0:00:01]} 5. Nc3 {[%emt 0:00:01]} Be7 {[%emt 0:00:01]} 6. g3 {[%emt 0:00:03]} O-O {[%emt 0:00:02]} 7. Bg2 {[%emt 0:00:00]} Re8 {[%emt 0:00:01]} 8. O-O {[%emt 0:00:01]} Bf8 {[%emt 0:00:00]} 9. Re1 {[%emt 0:00:01]} c6 {[%emt 0:00:01]} 10. h3 {[%emt 0:00:01]} Nbd7 {[%emt 0:00:02]} 11. Be3 {[%emt 0:00:07]} Nc5 {[%emt 0:00:02]} 12. Bf4 {[%emt 0:00:09]} a5 {[%emt 0:00:08]} 13. a3 {[%emt 0:00:06]} a4 {[%emt 0:00:05]} 14. Qd2 {[%emt 0:00:01]} Qb6 {[%emt 0:00:05]} 15. Rab1 {[%emt 0:00:06]} Bd7 {[%emt 0:00:27]} 16. g4 {[%emt 0:00:10]} h6 {[%emt 0:00:04]} 17. e5 {[%emt 0:00:18]} dxe5 {[%emt 0:00:09]} 18. Bxe5 {[%emt 0:00:00]} Nh7 {[%emt 0:00:27]} 19. b4 {[%emt 0:00:21]} axb3 {[%emt 0:00:01]} 20. Nxb3 {[%emt 0:00:01]} Be6 {[%emt 0:00:13]} 21. Nd4 {[%emt 0:00:26]} Qa5 {[%emt 0:00:04]} 22. Nxe6 {[%emt 0:00:02]} Rxe6 {[%emt 0:00:00]} 23. Qd4 {[%emt 0:00:32]} Rd8 {[%emt 0:00:04]} 24. Qb4 {[%emt 0:00:02]} Qa8 {[%emt 0:00:10]} 25. Bc7 {[%emt 0:00:24]} Rxe1+ {[%emt 0:00:04]} 26. Rxe1 {[%emt 0:00:01]} Rc8 {[%emt 0:00:05]} 27. Qf4 {[%emt 0:00:10]} Qxa3 {[%emt 0:00:07]} 28. Be5 {[%emt 0:00:12]} Ne6 {[%emt 0:00:05]} 29. Qg3 {[%emt 0:00:02]} Bb4 {[%emt 0:00:09]} 30. Rb1 {[%emt 0:00:04]} Qa5 {[%emt 0:00:02]} 31. Ne4 {[%emt 0:00:05]} Rd8 {[%emt 0:00:01]} 32. Bd6 {[%emt 0:00:10]} Bxd6 {[%emt 0:00:01]} 33. Nxd6 {[%emt 0:00:00]} Qa2 {[%emt 0:00:01]} 34. Rxb7 {[%emt 0:00:02]} Nhg5 {[%emt 0:00:03]} 35. h4 {[%emt 0:00:05]} Nc5 {[%emt 0:00:02]} 36. Rc7 {[%emt 0:00:02]} Qb1+ {[%emt 0:00:08]} 37. Kh2 {[%emt 0:00:01]} Nge6 {[%emt 0:00:01]} 38. Rxf7 {[%emt 0:00:01]} Rxd6 {[%emt 0:00:02]} 39. Re7 {[%emt 0:00:01]} Rd8 {[%emt 0:00:01]} 40. Bxc6 {[%emt 0:00:01]} Qxc2 {[%emt 0:00:02]} 41. g5 {[%emt 0:00:00]} Rf8 {[%emt 0:00:01]} 42. Kg1 {[%emt 0:00:06]} hxg5 {[%emt 0:00:01]} 43. hxg5 {[%emt 0:00:03]} Qc1+ {[%emt 0:00:01]} 44. Kg2 {[%emt 0:00:02]} Qxg5 {[%emt 0:00:01]} 45. Qxg5 {[%emt 0:00:02]} Nxg5 {[%emt 0:00:00]} 46. Re5 {[%emt 0:00:02]} Nce6 {[%emt 0:00:10]} 47. Bd5 {[%emt 0:00:01]} Rf6 {[%emt 0:00:04]} 48. Rxg5 {[%emt 0:00:01]} Kf8 {[%emt 0:00:00]} 49. Bxe6 {[%emt 0:00:03]} Rxe6 {[%emt 0:00:00]} 50. Rf5+ {[%emt 0:00:00] Konstantin Peyrer bietet Remis} Rf6 {[%emt 0:00:01]} 51. Rxf6+ {[%emt 0:00:01]} gxf6 {[%emt 0:00:04]} 52. Kf3 {[%emt 0:00:01]} Kf7 {[%emt 0:00:01]} 53. Kf4 {[%emt 0:00:00]} Kg6 {[%emt 0:00:01] Valentin Dragnev bietet Remis} 54. Kg4 {[%emt 0:00:01]} f5+ {[%emt 0:00:01]} 55. Kf4 {[%emt 0:00:01]} Kf6 {[%emt 0:00:00]} 56. f3 {[%emt 0:00:04]} Kg6 {[%emt 0:00:01]} 57. Ke5 {[%emt 0:00:01]} Kg5 {[%emt 0:00:02]} 58. Ke6 {[%emt 0:00:00]} Kf4 {[%emt 0:00:01]} 59. Kf6 {[%emt 0:00:00]} Kxf3 {[%emt 0:00:00]} 60. Kxf5 {[%emt 0:00:00] (Lag: Av=0.90s, max=1.9s)} 1/2-1/2

[Event "AUT-ch Internet"]
[Site "Wilhelm-Steinitz-Stadion"]
[Date "2020.10.04"]
[Round "4"]
[White "S Baumegger"]
[Black "DoHoChess"]
[Result "1/2-1/2"]
[WhiteElo "2179"]
[BlackElo "2280"]
[PlyCount "61"]
[EventDate "2020.10.04"]
[EventType "blitz"]

1. c4 {[%emt 0:00:02]} e6 {[%emt 0:00:01]} 2. Nf3 {[%emt 0:00:03]} d5 {[%emt 0:00:01]} 3. e3 {[%emt 0:00:01]} Nf6 {[%emt 0:00:01]} 4. Nc3 {[%emt 0:00:06]} b6 {[%emt 0:00:05]} 5. d4 {[%emt 0:00:05]} Bb7 {[%emt 0:00:02]} 6. cxd5 {[%emt 0:00:02]} exd5 {[%emt 0:00:01]} 7. Bd3 {[%emt 0:00:01]} Nbd7 {[%emt 0:00:03]} 8. O-O {[%emt 0:00:01]} a6 {[%emt 0:00:01]} 9. b3 {[%emt 0:00:02]} Bd6 {[%emt 0:00:01]} 10. Bb2 {[%emt 0:00:01]} Ne4 {[%emt 0:00:02]} 11. Qc2 {[%emt 0:00:16]} f5 {[%emt 0:00:06]} 12. Ne2 {[%emt 0:00:37]} Qf6 {[%emt 0:00:20]} 13. Rac1 {[%emt 0:00:05]} O-O {[%emt 0:00:03]} 14. Ne5 {[%emt 0:00:02]} Qe7 {[%emt 0:00:34]} 15. f3 {[%emt 0:00:08]} Nef6 {[%emt 0:00:02]} 16. f4 {[%emt 0:00:28]} Ne4 {[%emt 0:00:07]} 17. Ng3 {[%emt 0:00:12]} c5 {[%emt 0:00:08]} 18. Nxe4 {[%emt 0:00:20]} fxe4 {[%emt 0:00:03]} 19. Be2 {[%emt 0:00:02]} Rac8 {[%emt 0:00:05]} 20. Qd1 {[%emt 0:00:32]} cxd4 {[%emt 0:00:05]} 21. Rxc8 {[%emt 0:00:07]} Rxc8 {[%emt 0:00:26]} 22. Nxd7 {[%emt 0:00:02]} d3 {[%emt 0:00:23]} 23. Bg4 {[%emt 0:00:06]} Rc2 {[%emt 0:00:01]} 24. Bd4 {[%emt 0:00:07]} h5 {[%emt 0:00:13]} 25. Bh3 {[%emt 0:00:04]} Bc8 {[%emt 0:00:02]} 26. Qxh5 {[%emt 0:00:17]} Bxd7 {[%emt 0:00:01]} 27. Qxd5+ {[%emt 0:00:01]} Kh8 {[%emt 0:00:14]} 28. Qh5+ {[%emt 0:00:03]} Kg8 {[%emt 0:00:01]} 29. Qd5+ {[%emt 0:00:01]} Kh8 {[%emt 0:00:01]} 30. Qh5+ {[%emt 0:00:01]} Kg8 {[%emt 0:00:01]} 31. Qd5+ {[%emt 0:00:02] (Lag: Av=0.43s, max=0.5s)} 1/2-1/2

[Event "AUT-ch Internet"]
[Site "Wilhelm-Steinitz-Stadion"]
[Date "2020.10.04"]
[Round "4"]
[White "Lukas Breneis"]
[Black "Febloh"]
[Result "0-1"]
[WhiteElo "2127"]
[BlackElo "2260"]
[PlyCount "64"]
[EventDate "2020.10.04"]
[EventType "blitz"]

1. e4 {[%emt 0:00:04]} Nf6 {[%emt 0:00:50]} 2. Nc3 {[%emt 0:00:05]} d5 {[%emt 0:00:02]} 3. e5 {[%emt 0:00:04]} d4 {[%emt 0:00:02]} 4. exf6 {[%emt 0:00:02]} dxc3 {[%emt 0:00:01]} 5. bxc3 {[%emt 0:00:03]} exf6 {[%emt 0:00:02]} 6. Nf3 {[%emt 0:00:03]} Bd6 {[%emt 0:00:04]} 7. Be2 {[%emt 0:00:10]} O-O {[%emt 0:00:02]} 8. O-O {[%emt 0:00:01]} c5 {[%emt 0:00:00]} 9. d4 {[%emt 0:00:25]} Nc6 {[%emt 0:00:02]} 10. Be3 {[%emt 0:00:02]} b6 {[%emt 0:00:06]} 11. Bb5 {[%emt 0:00:20]} Qc7 {[%emt 0:00:09]} 12. h3 {[%emt 0:00:39]} Bb7 {[%emt 0:00:02]} 13. Nd2 {[%emt 0:00:12]} Rad8 {[%emt 0:00:10]} 14. Qg4 {[%emt 0:00:17]} g6 {[%emt 0:00:09]} 15. Nc4 {[%emt 0:00:06]} f5 {[%emt 0:00:10]} 16. Qe2 {[%emt 0:00:42]} a6 {[%emt 0:00:02]} 17. Nxd6 {[%emt 0:00:01]} Qxd6 {[%emt 0:00:21]} 18. Bxa6 {[%emt 0:00:01]} Bxa6 {[%emt 0:00:10]} 19. Qxa6 {[%emt 0:00:00]} cxd4 {[%emt 0:00:02]} 20. Bh6 {[%emt 0:00:12]} Rfe8 {[%emt 0:00:12]} 21. cxd4 {[%emt 0:00:10]} Nxd4 {[%emt 0:00:03]} 22. Kh1 {[%emt 0:00:05]} f4 {[%emt 0:00:02]} 23. Rad1 {[%emt 0:00:01]} f3 {[%emt 0:00:01]} 24. g3 {[%emt 0:00:01]} Qe6 {[%emt 0:00:05]} 25. Kh2 {[%emt 0:00:01]} Nf5 {[%emt 0:00:08]} 26. Bf4 {[%emt 0:00:01]} Rxd1 {[%emt 0:00:25]} 27. Rxd1 {[%emt 0:00:00]} Qe2 {[%emt 0:00:01]} 28. Qxe2 {[%emt 0:00:01]} fxe2 {[%emt 0:00:01]} 29. Re1 {[%emt 0:00:00]} Nd4 {[%emt 0:00:00]} 30. Kg2 {[%emt 0:00:07]} Nxc2 {[%emt 0:00:01]} 31. Bd2 {[%emt 0:00:00]} Nxe1+ {[%emt 0:00:01]} 32. Bxe1 {[%emt 0:00:00]} Ra8 {[%emt 0:00:01] Lukas Breneis gibt auf (Lag: Av=0.84s, max=1.2s)} 0-1

[Event "AUT-ch Internet"]
[Site "Wilhelm-Steinitz-Stadion"]
[Date "2020.10.04"]
[Round "5"]
[White "Shengel"]
[Black "Konstantin Peyrer"]
[Result "1-0"]
[WhiteElo "2393"]
[BlackElo "2226"]
[PlyCount "59"]
[EventDate "2020.10.04"]
[EventType "blitz"]

{- Peyrer, Konstantin} 1. b3 {[%emt 0:00:02]} d6 {[%emt 0:00:05]} 2. d4 {[%emt 0:00:06]} Nf6 {[%emt 0:00:00]} 3. Bb2 {[%emt 0:00:01]} g6 {[%emt 0:00:02]} 4. Nc3 {[%emt 0:00:01]} Bg7 {[%emt 0:00:00]} 5. e4 {[%emt 0:00:04]} O-O {[%emt 0:00:00]} 6. Bd3 {[%emt 0:00:09]} c5 {[%emt 0:00:02]} 7. dxc5 {[%emt 0:00:06]} dxc5 {[%emt 0:00:02]} 8. Nge2 {[%emt 0:00:00]} Nc6 {[%emt 0:00:03]} 9. O-O {[%emt 0:00:01]} b6 {[%emt 0:00:07]} 10. Qd2 {[%emt 0:00:07]} Bb7 {[%emt 0:00:04]} 11. Rad1 {[%emt 0:00:02]} Nb4 {[%emt 0:00:10]} 12. Qc1 {[%emt 0:00:07]} Nxd3 {[%emt 0:00:07]} 13. Rxd3 {[%emt 0:00:01]} Qc7 {[%emt 0:00:00]} 14. Nd5 {[%emt 0:00:20]} Bxd5 {[%emt 0:00:08]} 15. exd5 {[%emt 0:00:02]} c4 {[%emt 0:00:00]} 16. bxc4 {[%emt 0:00:07]} Qxc4 {[%emt 0:00:01]} 17. Rfd1 {[%emt 0:00:16]} Rac8 {[%emt 0:00:04]} 18. d6 {[%emt 0:00:15]} exd6 {[%emt 0:00:08]} 19. Qa1 {[%emt 0:00:02]} Nh5 {[%emt 0:00:11]} 20. Bxg7 {[%emt 0:00:03]} Nxg7 {[%emt 0:00:02]} 21. Nc3 {[%emt 0:00:00]} Rfe8 {[%emt 0:00:43]} 22. Nd5 {[%emt 0:00:03]} Nh5 {[%emt 0:00:23]} 23. Rc3 {[%emt 0:00:05]} Qa6 {[%emt 0:00:13]} 24. Rh3 {[%emt 0:00:02]} Qe2 {[%emt 0:00:21]} 25. Rxh5 {[%emt 0:00:08]} gxh5 {[%emt 0:00:03]} 26. Nf6+ {[%emt 0:00:02]} Kf8 {[%emt 0:00:07]} 27. Nxh7+ {[%emt 0:00:03]} Kg8 {[%emt 0:00:02]} 28. Nf6+ {[%emt 0:00:02]} Kf8 {[%emt 0:00:01]} 29. Nxe8 {[%emt 0:00:12]} Kxe8 {[%emt 0:00:17]} 30. Re1 {[%emt 0:00:03] Konstantin Peyrer gibt auf (Lag: Av=1.08s, max=2.2s)} 1-0

[Event "AUT-ch Internet"]
[Site "Wilhelm-Steinitz-Stadion"]
[Date "2020.10.04"]
[Round "5"]
[White "Pjotr2402"]
[Black "Stefan Kindermann"]
[Result "1/2-1/2"]
[WhiteElo "2355"]
[BlackElo "2375"]
[Annotator "NA"]
[PlyCount "36"]
[EventDate "2020.10.04"]
[EventType "blitz"]

1. d4 {[%emt 0:00:01]} e6 {[%emt 0:00:02]} 2. e4 {[%emt 0:00:04]} d5 {[%emt 0:00:01]} 3. Nd2 {[%emt 0:00:02]} c5 {[%emt 0:00:02]} 4. exd5 {[%emt 0:00:02]} Qxd5 {[%emt 0:00:01]} 5. Ngf3 {[%emt 0:00:02]} cxd4 {[%emt 0:00:01]} 6. Nb3 {[%emt 0:00:03]} Nc6 {[%emt 0:00:03]} 7. Nbxd4 {[%emt 0:00:03]} Nxd4 {[%emt 0:00:01]} 8. Qxd4 {[%emt 0:00:02]} Qxd4 {[%emt 0:00:02]} 9. Nxd4 {[%emt 0:00:00]} Bd7 {[%emt 0:00:02]} 10. Be2 {[%emt 0:00:10]} Nf6 {[%emt 0:00:24]} 11. O-O {[%emt 0:00:09]} Rc8 {[%emt 0:00:17]} 12. c3 {[%emt 0:00:04]} Bc5 {[%emt 0:00:08]} 13. Nb3 {[%emt 0:00:15]} Bb6 {[%emt 0:00:05]} 14. Bf3 {[%emt 0:00:04]} Bc6 {[%emt 0:00:02]} 15. Bxc6+ {[%emt 0:00:02]} Rxc6 {[%emt 0:00:01]} 16. Bf4 {[%emt 0:00:11]} Nd5 {[%emt 0:00:16]} 17. Be5 {[%emt 0:00:05] Pjotr2402 bietet Remis} f6 {[%emt 0:00:05]} 18. Bd4 {[%emt 0:00:02]} Kf7 {[%emt 0:00:19] Stefan Kindermann bietet Remis (Lag: Av=0.74s, max=1.3s)} 1/2-1/2

[Event "AUT-ch Internet"]
[Site "Wilhelm-Steinitz-Stadion"]
[Date "2020.10.04"]
[Round "5"]
[White "DoHoChess"]
[Black "Sackbauer"]
[Result "1-0"]
[WhiteElo "2276"]
[BlackElo "2477"]
[PlyCount "101"]
[EventDate "2020.10.04"]
[EventType "blitz"]

1. e4 {[%emt 0:00:03]} e5 {[%emt 0:00:01]} 2. Nf3 {[%emt 0:00:01]} Nc6 {[%emt 0:00:01]} 3. Nc3 {[%emt 0:00:01]} Nf6 {[%emt 0:00:01]} 4. Bb5 {[%emt 0:00:01]} Nd4 {[%emt 0:00:04]} 5. Bc4 {[%emt 0:00:02]} Bc5 {[%emt 0:00:07]} 6. Nxe5 {[%emt 0:00:07]} Qe7 {[%emt 0:00:12]} 7. Nf3 {[%emt 0:00:05] Sackbauer bietet Remis} d5 {[%emt 0:00:14]} 8. Nxd5 {[%emt 0:00:03]} Nxd5 {[%emt 0:00:14]} 9. Bxd5 {[%emt 0:00:05]} Bg4 {[%emt 0:00:03]} 10. c3 {[%emt 0:00:08]} Nxf3+ {[%emt 0:00:30]} 11. gxf3 {[%emt 0:00:00]} c6 {[%emt 0:00:01] Sackbauer reconnected.} 12. Bc4 {[%emt 0:01:00]} O-O-O {[%emt 0:00:17]} 13. d4 {[%emt 0:00:20]} Bxd4 {[%emt 0:00:11]} 14. cxd4 {[%emt 0:00:08]} Qb4+ {[%emt 0:00:01]} 15. Bd2 {[%emt 0:00:11]} Qxc4 {[%emt 0:00:01]} 16. fxg4 {[%emt 0:00:01]} Rxd4 {[%emt 0:00:13]} 17. Qe2 {[%emt 0:00:18]} Rxe4 {[%emt 0:00:09]} 18. Be3 {[%emt 0:00:01]} Qb4+ {[%emt 0:00:01]} 19. Kf1 {[%emt 0:00:05]} Rxg4 {[%emt 0:00:07]} 20. Rg1 {[%emt 0:00:06]} Rxg1+ {[%emt 0:00:07]} 21. Kxg1 {[%emt 0:00:00]} Rd8 {[%emt 0:00:07]} 22. b3 {[%emt 0:00:04]} Rd6 {[%emt 0:00:12]} 23. Rd1 {[%emt 0:00:16]} Rg6+ {[%emt 0:00:06]} 24. Kh1 {[%emt 0:00:01]} Qe4+ {[%emt 0:00:07]} 25. f3 {[%emt 0:00:00]} Qe7 {[%emt 0:00:08]} 26. Qd3 {[%emt 0:00:05]} Re6 {[%emt 0:00:06]} 27. Bf2 {[%emt 0:00:02]} Re5 {[%emt 0:00:18]} 28. Qxh7 {[%emt 0:00:12]} Qf6 {[%emt 0:00:09]} 29. Qh3+ {[%emt 0:00:18]} Re6 {[%emt 0:00:02]} 30. Qh8+ {[%emt 0:00:04]} Kc7 {[%emt 0:00:01]} 31. Bg3+ {[%emt 0:00:02]} Kb6 {[%emt 0:00:01]} 32. Qd8+ {[%emt 0:00:01]} Qxd8 {[%emt 0:00:01]} 33. Rxd8 {[%emt 0:00:00]} Re2 {[%emt 0:00:01]} 34. a4 {[%emt 0:00:05]} Rb2 {[%emt 0:00:06]} 35. Rd3 {[%emt 0:00:01]} Kc5 {[%emt 0:00:01]} 36. Bd6+ {[%emt 0:00:02]} Kb6 {[%emt 0:00:02]} 37. Be5 {[%emt 0:00:01]} Rb1+ {[%emt 0:00:01]} 38. Kg2 {[%emt 0:00:01]} f6 {[%emt 0:00:00]} 39. Bd4+ {[%emt 0:00:01]} c5 {[%emt 0:00:01]} 40. Bf2 {[%emt 0:00:03]} Kc6 {[%emt 0:00:01]} 41. h4 {[%emt 0:00:02]} b6 {[%emt 0:00:03]} 42. h5 {[%emt 0:00:01]} Rc1 {[%emt 0:00:02]} 43. Bg3 {[%emt 0:00:01]} a6 {[%emt 0:00:01]} 44. Rd6+ {[%emt 0:00:01]} Kb7 {[%emt 0:00:00]} 45. Rd7+ {[%emt 0:00:00]} Kc6 {[%emt 0:00:01]} 46. Rxg7 {[%emt 0:00:02]} b5 {[%emt 0:00:01]} 47. axb5+ {[%emt 0:00:01]} axb5 {[%emt 0:00:00]} 48. h6 {[%emt 0:00:01]} c4 {[%emt 0:00:01]} 49. bxc4 {[%emt 0:00:01]} b4 {[%emt 0:00:00]} 50. h7 {[%emt 0:00:01]} b3 {[%emt 0:00:00]} 51. h8=Q {[%emt 0:00:01] Sackbauer gibt auf (Lag: Av=0.46s, max=1.3s)} 1-0